000 00297nam a22001337a 4500
008 170526b xxu||||| |||| 00| 0 eng d
020 _a333150570
041 _aeng
080 _a621
100 _a26
101 _aIM
245 _aMACHINE TOOL DESIGN AND RESEARCH
_cTOBIAS,S.A
942 _2udc
_cBK
999 _c14364
_d14364